Madrid Agreement Concerning the International Registration of Marks, of April 14, 1891. (Record no. 545)

MARC details
000 -LEADER
fixed length control field 01168nam a2200277 a 4500
001 - CONTROL NUMBER
control field 3327066
003 - CONTROL NUMBER IDENTIFIER
control field OSt
005 - DATE AND TIME OF LATEST TRANSACTION
control field 20150622103539.0
008 - FIXED-LENGTH DATA ELEMENTS--GENERAL INFORMATION
fixed length control field 850409s1967 sz i000 0 eng
010 ## - LIBRARY OF CONGRESS CONTROL NUMBER
LC control number 84229646
020 ## - INTERNATIONAL STANDARD BOOK NUMBER
International Standard Book Number 9280502867
040 ## - CATALOGING SOURCE
Original cataloging agency DLC
Transcribing agency DLC
Modifying agency DLC
050 00 - LIBRARY OF CONGRESS CALL NUMBER
Classification number K1557.A41891
Item number A2 1967
082 00 - DEWEY DECIMAL CLASSIFICATION NUMBER
Classification number 346.0488 MAD
Edition number 19
130 0# - MAIN ENTRY--UNIFORM TITLE
Uniform title Madrid Agreement Concerning the International Registration of Marks
Date of treaty signing (1891)
9 (RLIN) 1586
245 10 - TITLE STATEMENT
Title Madrid Agreement Concerning the International Registration of Marks, of April 14, 1891.
260 ## - PUBLICATION, DISTRIBUTION, ETC. (IMPRINT)
Place of publication, distribution, etc Geneva :
Name of publisher, distributor, etc United International Bureaux for the Protection of Intellectual Property,
Date of publication, distribution, etc 1996.
300 ## - PHYSICAL DESCRIPTION
Extent 24 p. ;
Dimensions 21 cm.
500 ## - GENERAL NOTE
General note Cover title.
500 ## - GENERAL NOTE
General note "260 (E)"
500 ## - GENERAL NOTE
General note "As revised at Brussels on December 14, 1900, at Washington on June 2, 1911, at The Hague on November 6, 1925, at London on June 2, 1934, at Nice on June 15, 1957, and at Stockholm on July 14, 1967."
650 #0 - SUBJECT ADDED ENTRY--TOPICAL TERM
Topical term or geographic name as entry element Trademarks (International law)
9 (RLIN) 1324
710 2# - ADDED ENTRY--CORPORATE NAME
Corporate name or jurisdiction name as entry element United International Bureaux for the Protection of Intellectual Property.
9 (RLIN) 1587
906 ## - LOCAL DATA ELEMENT F, LDF (RLIN)
a 7
b cbc
c orignew
d 3
e ncip
f 19
g y-gencatlg
942 ## - ADDED ENTRY ELEMENTS (KOHA)
Source of classification or shelving scheme Dewey Decimal Classification
Koha item type Books
Holdings
Withdrawn status Lost status Source of classification or shelving scheme Damaged status Not for loan Home library Current library Shelving location Date acquired Total Checkouts Full call number Barcode Date last seen Price effective from Koha item type
    Dewey Decimal Classification     Law Development Centre Main Library Law Development Centre Main Library Text Books and Laws 04/26/2011   346.0488 MAD 001/2000 04/26/2011 04/26/2011 Books